Actas de Derecho Industrial y Derecho de Autor (2017-2018) Tomo XXXVIII

Bibliographic Details
Format: eBook
Language:Spanish
Published: Madrid: Marcial Pons, 2018
Series:Actas de Derecho Industrial y Derecho de Autor
Subjects:
Online Access:Acceso restringido

MARC

LEADER 00000nam a22000007a 4500
005 20190613132150.0
007 cr|||| ||||
008 190613s2018 es |||||s|||| 00||0 spa d
020 |a 978-84-9123-670-2 
035 |a 23745 
040 |a vLex 
090 |c 8884  |d 8884 
245 0 0 |a Actas de Derecho Industrial y Derecho de Autor  |h [Recurso electrn̤ico] :  |b (2017-2018)  |n Tomo XXXVIII 
256 |a Servicio en ln̕ea 
260 |a Madrid:  |b Marcial Pons,  |c 2018 
300 |a 1 recurso electrn̤ico 
490 0 |a Actas de Derecho Industrial y Derecho de Autor 
506 1 |a Disponible solo en los productos indicados  |d vLex Global  |d vLex Global (Academic Edition, excluding Law Schools)  |d vLex Global (U.S. Academic Edition, Law Schools)  |d vLex Global (U.S. Academic Edition, excluding Law Schools)  |d vLex Global (Academic Edition, Law Schools) 
650 0 4 |a Derecho Pb︢lico y Administrativo  |z Espaą 
650 0 4 |a Derecho Mercantil y de la Empresa  |z Espaą 
650 0 4 |a Derecho Penal  |z Espaą 
650 0 4 |a Derecho de las Nuevas Tecnologa̕s  |z Espaą 
740 0 |a vLex Libros (Servicio en ln̕ea) 
856 4 0 |u http://vlex.com/source/23745  |z Acceso restringido 
942 |c BOOK 
999 0 |a Public and Administrative Law 
999 0 |a Business and Company Law 
999 0 |a Criminal Law 
999 0 |a Right of New Technologies